00561nam a22001697a 4500008004100000020001800041050002100059100002800080245008900108250001200197260003500209300002900244521005100273650002000324700002600344700002100370170301b xxu||||| |||| 00| 0 eng d a9781562266479 aHB 172 .F58 2009 aFitzsimmons, Tuathal T. aPrinciples of Macroeconomics/cTuathal T. Fitzsimmons, M. M Manfred, James F. Willis a2nd ed. aU.S.A:bCAT Publishing,c2009. axiv,308p.:bill.;c27cm. aIncludes bibliographical references and index. aMacroeconomics. aFabritius, M. Manfred aWillis, James F.